01246nam a2200325Ia 450000500170000000700030001700800410002002000180006104000350007908400110011410000430012524501340016825000220030226400480032430000430037233600270041533700330044233800280047549000240050352100610052753400320058865000490062065000510066965000400072065000270076065000310078765000280081870000350084670000390088120220317000354.0ta210813s2010 s a0 sbr 0 s p s d a9788492608171 aCO-BoRNBPbspacCO-BoRNBPerda aP MES21 aMésseder, Joäo Pedroeautord1957-13aEl tiempo vuelacdel texto Joao Pedro Mésseder ; de las ilustraciones Gémeo Luís ; de la traducción de Xosé Ballesteros aPrimera edición 1aSevilla, MadridbKalandraka Edicionesc2010 a[28] páginas bilustraciones c23 cm atextobtxt2rdacontent asin mediaciónbn2rdamedia avolumenbnc2rdacarrier0 aLibros para soñar aRecomendado para un público infantil mayor de 3 años tTrocar às voltas ao tempo17aPoesía infantil portuguesaySiglo XX2LEMB17aLiteratura infantil portuguesaySiglo XX2LEMB17aAutores portuguesesySiglo XX2LEMB17aTiempovPoesía2LEMB17aCalendariovPoesía2LEMB17aRelojesvPoesía2LEMB1 aBallesteros, Xoséetraductor1 aLuís, Gémeod1965-eilustrador